Meat Picture Quiz - Statistics

General Stats
  • This quiz has been taken 279 times
  • The average score is 13 of 16
Answer Stats
Picture Answer % Correct
Bacon
98%
Chicken
95%
Sausage
95%
Ground Beef
94%
Ham
94%
Steak
93%
Turkey
93%
Pepperoni
91%
Ribs
89%
Salami
86%
Porkchop
83%
Lamb
81%
Duck
75%
Brisket
57%
Venison
21%
Mutton
17%
No matching quizzes found
Score Distribution
Percent of People with Each Score
Percentile by Number Answered
Your Score History
You have not taken this quiz